000 00590nam a2200229Ia 4500
003 OSt
005 20221006164451.0
006 a|||||r|||| 00| 0
007 ta
008 221006b |||||||| |||| 00| 0 eng d
024 _a1,100
037 _cTextual
040 _aFML
_cFML
_beng
041 _2eng
_aeng
082 _aNA1,C,9(Q), K5
100 _aJames E O Au.
_9677562
245 0 _aFrom Cave to Cathedral
260 _aLondon
_bThames & Hudson
_c1965
300 _a404
_ccm.
942 _hNA1,C,9(Q), K5
_cTEXL
_2CC
999 _c1117375
_d1117375